| 000 | 00659nam a2200217 u 4500 | ||
|---|---|---|---|
| 005 | 20220916063626.0 | ||
| 008 | 150622s2004 es r 000 0 spa d | ||
| 020 | _a8493420301 | ||
| 035 | _aUPN01000204419 | ||
| 049 | _aI | ||
| 050 | 4 |
_aPZ76.3 _bT6.37 |
|
| 100 | 1 |
_aTorre Suárez, Macarena _937650 |
|
| 245 | 1 | 3 |
_aEl espantapájaros mágico / _bMacarena Torre Suárez ; il. Moisés Jiménez Jaime. |
| 260 |
_aSevilla, Esp. : _bMater, _c2004. |
||
| 300 |
_a23 p. : _bil. |
||
| 440 | 3 | _aEl hada y el duende | |
| 650 | 0 |
_aAnimales _vCuentos y leyendas _9234 |
|
| 650 | 7 |
_aLibros ilustrados para niños _2 _921365 |
|
| 905 | _aInfantil | ||
| 999 |
_c176520 _d176520 |
||